Mrs. C Gren - Statistics

General Stats
  • This quiz has been taken 5 times
  • The average score is 5 of 10
Answer Stats
Hint Answer % Correct
E Excretion
100%
R Reproduction
100%
R Respiration
100%
G Growth
75%
S Sensitivity
75%
N Nutrition
50%
C Cells/Cell
0%
C Circulation
0%
C Control
0%
M Migration
0%
No matching quizzes found
Score Distribution
Percent of People with Each Score
Percentile by Number Answered
Your Score History
You have not taken this quiz